Music Quiz

Random Music or Song Quiz

Guess the Artist (modern rock) Quiz Stats

Quiz not verified by Sporcle

Challenge
Share
Tweet
Embed
Score 0/10 Timer 10:00
0 Plays Today
Song Names Answer % Correct
Kryptonite, When I'm Gone, Here Without You3 Doors Down
87.1%
I Hate Everything About You, Pain, RiotThree Days Grace
80%
Closer to the Edge, The Kill, Kings and Queens30 Seconds to Mars
75.7%
Photograph, Bottoms Up, Tryin Not To Love YouNickelback
72.9%
Teenagers, I Don't Love You, HelenaMy Chemical Romance
68.6%
Headstrong, Sound Off, Still FrameTrapt
65.7%
Still Into You, Ignorance, Brick By Boring BrickParamore
61.4%
Without You, Lips of an Angel, Get StonedHinder
55.7%
Three Days, Jane Says, Mountain SongJane's Addiction
50%
Bad Girlfriend, Hate My Life, Santa MonicaTheory of a Deadman
41.4%

You're not logged in!

Compare scores with friends on all Sporcle quizzes.
Sign Up with Email
OR
Log In

You Might Also Like...

Show Comments

Extras

Top Quizzes Today


Score Distribution

Your Account Isn't Verified!

In order to create a playlist on Sporcle, you need to verify the email address you used during registration. Go to your Sporcle Settings to finish the process.

Report this User

Report this user for behavior that violates our Community Guidelines.

Details: